Normal view
MARC view
- ISLAM-MAKTOOBAT-O-BAYAZ-E-YAQOOBI
Entry Topical Term
001 - CONTROL NUMBER
- control field: 79073
003 - CONTROL NUMBER IDENTIFIER
- control field: NUST
005 - DATE AND TIME OF LATEST TRANSACTION
- control field: 20210628210340.0
008 - FIXED-LENGTH DATA ELEMENTS
- fixed length control field: 210628|| aca||aabn | a|a d
040 ## - CATALOGING SOURCE
- Original cataloging agency: NUST
- Transcribing agency: NUST
150 ## - HEADING--TOPICAL TERM
- Topical term or geographic name entry element: ISLAM-MAKTOOBAT-O-BAYAZ-E-YAQOOBI
670 ## - SOURCE DATA FOUND
- Source citation: Work cat.: (NUST): Muhammad Yaqoob Nanotavi 79072, Maktoobat-o-bayaz-e-yaqoobi, 1990
